Anales de la Academia Sevillana del Notariado Conferencias del curso acadm̌ico 2008-2009 / Tomo 20:

Detalles Bibliográficos
Autor principal: Gm̤ez Galligo, Francisco Javier
Autor Corporativo: Academia Sevillana del Notariado
Otros Autores: Tena Arregi, Rodrg̕o (coaut.)
Formato: Desconocido
Lenguaje:español
Publicado: Sevilla : Academia Sevillana del Notariado, 2010
Materias:
Acceso en línea:Acceso restringido

MARC

LEADER 00000ny a22000003n 4500
005 20110621125732.0
008 100806s2010 sp r 000 0|spa d
035 |a 4988 
040 |a BUS  |d vLex 
090 |c 944  |d 944 
100 1 |a Gm̤ez Galligo, Francisco Javier 
245 1 0 |a Anales de la Academia Sevillana del Notariado  |h [Recurso electrn̤ico]  |p Tomo 20:  |b Conferencias del curso acadm̌ico 2008-2009 /  |c Francisco Javier Gm̤ez Galligo, Rodrigo Tena Arregi 
256 |a Servicio en ln̕ea 
260 |a Sevilla :   |b Academia Sevillana del Notariado,  |c 2010 
506 1 |a Contenido solo disponible en los productos indicados  |d vLex Global  |d vLex Global (Academic Edition, excluding Law Schools)  |d vLex Global (U.S. Academic Edition, Law Schools)  |d vLex Global (U.S. Academic Edition, excluding Law Schools)  |d vLex Global (Academic Edition, Law Schools) 
650 0 4 |a Derecho civil  |z Espaą 
650 0 4 |a Derecho mercantil  |z Espaą 
650 0 4 |a Jurisdiccin̤ voluntaria  |z Espaą  
650 0 4 |a Notariado  |z Espaą  
700 1 |a Tena Arregi, Rodrg̕o,  |e coaut.  
710 2 |a Academia Sevillana del Notariado 
740 0 |a vLex Libros (Servicios en ln̕ea) 
856 0 4 |z Acceso restringido  |u http://vlex.com/source/4988 
942 |c BOOK